Program outreach Arkib Negara Malaysia, 1980-2000 /
Saved in:
| 主要作者: | |
|---|---|
| 格式: | Thesis 圖書 |
| 語言: | Malay |
| 出版: |
2012.
|
| 主題: | |
| 標簽: |
添加標簽
沒有標簽, 成為第一個標記此記錄!
|
| LEADER | 01058cam a2200289 a 4500 | ||
|---|---|---|---|
| 001 | u866995 | ||
| 003 | SIRSI | ||
| 005 | 201210170926 | ||
| 008 | 121017s2012 my a t 000 0 may m | ||
| 040 | |a UMM | ||
| 043 | |a a-my--- | ||
| 090 | |a D7 |b UM 2012 Che | ||
| 100 | 0 | |a Chentamil Chelvi Samiathan. | |
| 245 | 1 | 0 | |a Program outreach Arkib Negara Malaysia, 1980-2000 / |c Chentamil Chelvi a/p Samiathan. |
| 260 | |c 2012. | ||
| 300 | |a vii, 148 leaves : |b ill. ; |c 30 cm. | ||
| 502 | |a Dissertation (M.A.) -- Jabatan Sejarah, Fakulti Sastera dan Sains Sosial, Universiti Malaya, 2012. | ||
| 504 | |a Bibliography: leaves 142-148. | ||
| 596 | |a 1 | ||
| 610 | 2 | 0 | |a Arkib Negara Malaysia. |
| 650 | 0 | |a Archives |z Malaysia |y 1980- | |
| 650 | 0 | |a Archives |z Malaysia |x Public services. | |
| 651 | 0 | |a Malaysia |x History |x Archival resources. | |
| 651 | 0 | |a Malaysia |x Archives |x Marketing. | |
| 710 | 2 | |a Universiti Malaya. |b Jabatan Sejarah. | |
| 900 | |a AT-ZA | ||
| 999 | |a D7 UM 2012 CHE |w LC |c 1 |i A515368550 |d 2/6/2015 |e 2/6/2015 |f 26/8/2013 |g 1 |l STACKS |m P01UTAMA |n 3 |r Y |s Y |t TESIS |u 26/8/2013 | ||
